Quiz o województwie Lubelskim - Statystyki

Ogólne statystyki
  • Ten quiz został rozwiązany 115 razy
  • Średni wynik to 8 z 14
Statystyki odpowiedzi
Wskazówka Odpowiedź % Poprawnych
Stolica województwa. Lublin
100%
Drugie największe miasto, którego starówka jest wpisana na listę UNESCO. Zamość
90%
Najdłuższa rzeka na terenie województwa. Bug
72%
Duże miasto, którego nazwa jest również przedmiotem. Chełm
71%
Małe, lecz bardzo znane i zabytkowe miasteczko. Kazimierz Dolny
67%
Jak nazywa się najdalej wysunięte na wschód miasto Polski leżące w tym województwie? Hrubieszów
62%
Największe miasto leżące nad Wisłą. Puławy
61%
Jak nazywa się park narodowy, w którym żyją m.in. Koniki Polskie? Roztoczański Park Narodowy
60%
Miasto znane z wiersza Jana Brzechwy. Szczebrzeszyn
57%
Największy powiat. Bialski
51%
Do jakiego regionu historycznego należy Lubelszczyzna? Małopolska
41%
Najmniejsze miasto. Józefów nad Wisłą
33%
Jakie zwierzę przedstawia herb województwa? Jeleń
25%
Największe jezioro. Zalew Nielisz
11%
Nie znaleziono quizów pasujących do podanych kryteriów
Rozkład punktacji
Procent ludzi z każdym wynikiem
Percentyl według liczby udzielonych odpowiedzi
Twoja historia wyników
Nie rozwiązałeś tego quizu